| 000 | 01044cam a22002533a 4500 | ||
|---|---|---|---|
| 001 | 19186 | ||
| 003 | PGUSA | ||
| 005 | 20140828083415.0 | ||
| 008 | 060905s2006||||xxu|||||s|||||000 | eng d | ||
| 040 |
_aPGUSA _beng |
||
| 042 | _adc | ||
| 050 | 4 | _aPQ | |
| 100 | 1 |
_aLemaître, Jules, _d1853-1914 |
|
| 245 | 1 | 0 |
_aLes contemporains, première série : _bÉtudes et portraits littéraires _h[electronic resource] / _cJules Lemaître |
| 260 |
_bProject Gutenberg, _c2006 |
||
| 505 | 0 | _aThéodore de Banville -- Sully-Prudhomme -- François Coppée -- Edouard Grenier -- Madame Adam -- Madame Alphonse Daudet -- À propos d'un nouveau livre de classe -- Ernest Renan -- Ferdinand Brunetière -- Emile Zola -- Guy de Maupassant -- J.-K. Huysmans -- Georges Ohnet. | |
| 506 | _aPublic domain in the USA. | ||
| 516 | _aElectronic text | ||
| 653 | _aAuthors, French | ||
| 653 | _aFrench literature -- 19th century -- History and criticism | ||
| 830 | 0 |
_aProject Gutenberg _v19186 |
|
| 856 | 4 | 0 | _uhttp://www.gutenberg.org/ebooks/19186 |
| 942 | _cEB | ||
| 999 |
_c248441 _d248441 |
||